[Event "North America Championship 2008"]
[Site "SchemingMind.com"]
[Date "2008.01.10"]
[Round "-"]
[White "C. H. O'D. Schlechter"]
[Black "JasonY1982"]
[Result "1-0"]
[WhiteCountry "USA"]
[BlackCountry "USA"]
[WhiteElo "2415"]
[WhiteRD "72"]
[BlackElo "2084"]
[BlackRD "63"]
[GameID "136949"]

1. d4 Nf6 2. c4 e6 3. Nc3 b6 4. Nf3 Bb7 5. a3 d5 6. cxd5 Nxd5 7. e3 Be7 8. Bb5+ c6 9. Bd3 Nxc3 10. bxc3 O-O
11. O-O c5 12. e4 Nd7 13. Bf4 Nf6 14. Qe2 cxd4 15. cxd4 Qd7 16. Bd2 Rac8 17. a4 Rfd8 18. a5 Bc6 19. axb6 axb6 20. Rfc1 h6
21. Ra2 Ba8 22. Rb1 Rb8 23. Ra6 Qc7 24. Rc1 Qb7 25. Rca1 Qc6 26. Ra7 Qe8 27. Bf4 Rb7 28. R7a6 Rc8 29. Qa2
1-0

[Event "North America Championship 2008"]
[Site "SchemingMind.com"]
[Date "2008.01.10"]
[Round "-"]
[White "JasonY1982"]
[Black "C. H. O'D. Schlechter"]
[Result "1/2-1/2"]
[WhiteCountry "USA"]
[BlackCountry "USA"]
[WhiteElo "2054"]
[WhiteRD "63"]
[BlackElo "2391"]
[BlackRD "69"]
[GameID "136956"]

1. e4 e5 2. Nf3 Nc6 3. Bb5 a6 4. Ba4 Nf6 5. O-O Nxe4 6. d4 b5 7. Bb3 d5 8. dxe5 Be6 9. Nbd2 Bc5 10. Nxe4 dxe4
11. Bxe6 Qxd1 12. Rxd1 fxe6 13. Ng5 O-O 14. Nxe4 Bb6 15. Kf1 Rf5 16. f3 Rxe5 17. c3 Rf8 18. Re1 h6 19. Ke2 Rh5 20. h3 Rd5
21. Be3 Bxe3 22. Kxe3 a5 23. Re2 Kf7=
1/2-1/2

[Event "North America Championship 2008"]
[Site "SchemingMind.com"]
[Date "2008.01.13"]
[Round "-"]
[White "Malfurion"]
[Black "Caputo"]
[Result "1/2-1/2"]
[WhiteCountry "USA"]
[BlackCountry "USA"]
[WhiteElo "1921"]
[WhiteRD "88"]
[BlackElo "1601"]
[BlackRD "170"]
[GameID "137089"]

1. d4 Nf6 2. c4 g6 3. g3 Bg7 4. Nf3 d6 5. Bg2 O-O 6. O-O c6 7. Nc3 d5 8. cxd5 cxd5 9. Ne5 Nc6 10. Bf4 h6
11. Qd2 Nxe5 12. dxe5 Ne4 13. Nxe4 dxe4 14. Bxh6 Qxd2 15. Bxd2 Bxe5 16. Bxe4 Bxb2 17. Rab1 Be5 18. Bxb7 Rb8 19. Bxc8 Rxb1 20. Rxb1 Rxc8
21. Be3 Rb8 22. Rxb8+ Bxb8 23. Bc5 e6 24. f3 a6 25. Kf2 Kg7 26. h3 Kf6 27. e4 e5 28. Ke3 Ke6 29. f4 exf4+ 30. gxf4 f5
31. e5 Bc7 32. Kd3=
1/2-1/2

[Event "North America Championship 2008"]
[Site "SchemingMind.com"]
[Date "2008.01.12"]
[Round "-"]
[White "Caputo"]
[Black "Malfurion"]
[Result "0-1"]
[WhiteCountry "USA"]
[BlackCountry "USA"]
[WhiteElo "1601"]
[WhiteRD "170"]
[BlackElo "1921"]
[BlackRD "88"]
[GameID "137093"]

1. e4 d5 2. e5 c5 3. d4 Nc6 4. Bb5 e6 5. Nf3 Qb6 6. Bxc6+ bxc6 7. c3 Ba6 8. Nbd2 cxd4 9. cxd4 Nh6 10. Nb3 Bb4+
11. Bd2 Rb8 12. Bxb4 Qxb4+ 13. Qd2 Bc4 14. Qxb4 Rxb4 15. Nfd2 Nf5 16. Nxc4 dxc4 17. Na5 Rxb2 18. Nxc6 Kd7 19. Na5 Rc8 20. a4 c3
21. O-O-O Ra2 22. Nb3 Rb8 23. Nc5+ Kc6 24. Rhe1 Rbb2 25. Nb3 Rc2+ 26. Kb1 Rab2+ 27. Ka1 Rxb3
0-1

[Event "North America Championship 2008"]
[Site "SchemingMind.com"]
[Date "2008.01.18"]
[Round "-"]
[White "sibelius"]
[Black "HanadaNo3"]
[Result "0-1"]
[WhiteCountry "USA"]
[BlackCountry "USA"]
[WhiteElo "2076"]
[WhiteRD "81"]
[BlackElo "2387"]
[BlackRD "75"]
[GameID "137716"]

1. e4 c5 2. Nc3 Nc6 3. f4 g6 4. Nf3 Bg7 5. Bb5 Nd4 6. O-O Nxb5 7. Nxb5 d6 8. d3 a6 9. Nc3 b5 10. a3 Bb7
11. Qe1 Nf6 12. Bd2 O-O 13. f5 Qd7 14. Qg3 a5 15. Qh3 b4 16. Ne2 Nh5 17. g4 Nf6 18. Ng3 Rfd8 19. c4 Bc6 20. Be3 bxa3
21. Rxa3 Qb7 22. Rb1 Rdb8 23. Bd2 Nd7 24. Ng5 Bd4+ 25. Kh1 Nf6 26. Ne2 Be5 27. Bc3 Bxc3 28. Nxc3 Kg7 29. Qg2 Ra6 30. Nf3 Rb6
31. Nd1 a4 32. Rba1 Rb3 33. Nd2 Rxa3 34. Rxa3 h5 35. gxh5 Nxh5 36. Qg5 e6 37. fxg6 fxg6 38. b3 Qf7 39. bxa4 Rb1 40. Nxb1 Qf1+
41. Qg1 Qf3+ 42. Qg2 Qxd1+ 43. Qg1 Qe2 44. Qg2 Qe1+ 45. Qg1 Bxe4+ 46. dxe4 Qxe4+ 47. Qg2 Qxb1+ 48. Qg1 Qe4+ 49. Qg2 Qxc4 50. Qb7+ Kh6
51. Qf3 Qc1+ 52. Kg2 Nf4+ 53. Kf2 Qb2+ 54. Kf1 e5 55. a5 c4 56. a6 c3 57. Rxc3 Qa1+ 58. Kf2 Qxa6 59. h4 Qb6+ 60. Re3 Kg7
61. Qe4 Qc7 62. Kf1 Qd8
0-1

[Event "North America Championship 2008"]
[Site "SchemingMind.com"]
[Date "2008.01.17"]
[Round "-"]
[White "HanadaNo3"]
[Black "sibelius"]
[Result "1-0"]
[WhiteCountry "USA"]
[BlackCountry "USA"]
[WhiteElo "2387"]
[WhiteRD "75"]
[BlackElo "2076"]
[BlackRD "81"]
[GameID "137724"]

1. e4 c5 2. Nf3 g6 3. d4 cxd4 4. Nxd4 Nc6 5. c4 Bg7 6. Be3 Nf6 7. Nc3 Nxd4 8. Bxd4 d6 9. Be2 O-O 10. O-O Bd7
11. Qd3 Qc7 12. f4 Bc6 13. b4 b6 14. Rad1 Rac8 15. a3 e6 16. e5 dxe5 17. Bxe5 Qb7 18. Qd4 Ne8 19. Qf2 f6 20. Bd4 e5
21. Be3 exf4 22. Bxf4 f5 23. Nd5 Nf6 24. Nxf6+ Bxf6 25. Rd6 Be7 26. Rd2 Bf6 27. Rfd1 Ba4 28. Bf3 Qg7 29. Bd5+ Kh8 30. Re1 Rcd8
31. h4 Rde8 32. Rc1 Qe7 33. g3 Be5 34. c5 bxc5 35. Rxc5 Bxf4 36. Qxf4 Qe3+ 37. Qxe3 Rxe3 38. Ra5 Be8 39. Rxa7 Rxg3+ 40. Kf2 Rh3
41. Re2 Rh2+ 42. Ke1 Rxe2+ 43. Kxe2 Bb5+ 44. Ke3 Rd8 45. Bf3 h6 46. a4 Rd3+ 47. Kf2 Bc4 48. Rc7 Be6 49. a5 Ra3 50. Be2 f4
51. a6 Ra2 52. a7 Bd5 53. b5 Rb2 54. Rd7 Be4 55. Re7 Bd5 56. b6 Rxb6 57. Bf3
1-0

[Event "North America Championship 2008"]
[Site "SchemingMind.com"]
[Date "2008.01.22"]
[Round "-"]
[White "MotoXRider31"]
[Black "dtedesco"]
[Result "1-0"]
[WhiteCountry "USA"]
[BlackCountry "CAN"]
[WhiteElo "2172"]
[WhiteRD "79"]
[BlackElo "1379"]
[BlackRD "56"]
[GameID "138428"]

1. e4 e5 2. Nf3 f6 3. d4 d5 4. Qe2 c6 5. exd5 c5 6. dxe5 f5 7. Qb5+ Nd7 8. e6 Qe7 9. Be2 Nf6 10. exd7+ Nxd7
11. Nc3 h6 12. Bf4 a6 13. Qa4 g5 14. d6 Qe6 15. Be5
1-0

[Event "North America Championship 2008"]
[Site "SchemingMind.com"]
[Date "2008.01.22"]
[Round "-"]
[White "dtedesco"]
[Black "MotoXRider31"]
[Result "0-1"]
[WhiteCountry "CAN"]
[BlackCountry "USA"]
[WhiteElo "1470"]
[WhiteRD "56"]
[BlackElo "2138"]
[BlackRD "79"]
[GameID "138438"]

1. d4 d5 2. g3 e6 3. Bf4 c5 4. Nf3 Qb6 5. Nc3 Qxb2 6. Na4 Qa3 7. c3 Bd7 8. Nxc5 Bxc5 9. e3 Qxc3+ 10. Nd2 Be7
11. Be2 Nc6 12. Rc1 Qa5 13. O-O g5 14. Be5 f6 15. Qb3 fxe5 16. Qxb7 Rb8 17. Bh5+ Kd8 18. Qxb8+ Nxb8 19. Nb3 Qxa2 20. Rb1 Bb5
21. Rfc1 Bd3 22. Nc5 Bxb1 23. Nxe6+ Kd7 24. Nc5+ Bxc5 25. Rxc5 Nf6 26. Bf7 Bd3 27. dxe5 Qa1+ 28. Kg2 Qf1+ 29. Kf3 Be4#
0-1

[Event "North America Championship 2008"]
[Site "SchemingMind.com"]
[Date "2008.01.24"]
[Round "-"]
[White "mmccaffe"]
[Black "BogusAurelius"]
[Result "0-1"]
[WhiteCountry "USA"]
[BlackCountry "USA"]
[WhiteElo "1560"]
[WhiteRD "54"]
[BlackElo "2049"]
[BlackRD "76"]
[GameID "138601"]

1. d4 d5 2. c4 dxc4 3. Nf3 Nf6 4. e3 e6 5. Bxc4 c5 6. dxc5 Qxd1+ 7. Kxd1 Bxc5 8. Ke2 a6 9. Nc3 O-O 10. b3 b5
11. Bd3 Bb7 12. Bb2 Nbd7 13. Rhd1 Nb6 14. Rac1 Rac8 15. Bxb5 axb5 16. Nxb5 Ba6 17. a4 Nfd5 18. Bd4 Bxd4 19. Nxd4 e5 20. Nf3 Nc3+
21. Rxc3 Rxc3
0-1

[Event "North America Championship 2008"]
[Site "SchemingMind.com"]
[Date "2008.01.24"]
[Round "-"]
[White "BogusAurelius"]
[Black "mmccaffe"]
[Result "1-0"]
[WhiteCountry "USA"]
[BlackCountry "USA"]
[WhiteElo "2049"]
[WhiteRD "76"]
[BlackElo "1560"]
[BlackRD "54"]
[GameID "138610"]

1. e4 e6 2. d4 d5 3. exd5 exd5 4. Bd3 Nf6 5. Ne2 c5 6. c3 Nc6 7. O-O Bd6 8. h3 O-O 9. Bg5 h6 10. Bh4 g5
11. dxc5 gxh4 12. cxd6 Qxd6 13. Qd2 Ng4 14. hxg4 Bxg4 15. f3 Be6 16. Qxh6 Qc5+ 17. Nd4 Nxd4 18. Qh7#
1-0

[Event "North America Championship 2008"]
[Site "SchemingMind.com"]
[Date "2008.01.25"]
[Round "-"]
[White "thefriediceman"]
[Black "tyler199"]
[Result "1/2-1/2"]
[WhiteCountry "USA"]
[BlackCountry "CAN"]
[WhiteElo "1805"]
[WhiteRD "85"]
[BlackElo "1726"]
[BlackRD "63"]
[GameID "138868"]

1. e4 c6 2. d4 d5 3. e5 Bf5 4. Nc3 e6 5. g4 Bg6 6. h4 h5 7. g5 c5 8. Nge2 Nc6 9. a3 Qb6 10. Na4 Qa5+
11. c3 Be4 12. Rh2 cxd4 13. b4 Qc7= 14. cxd4 O-O-O 15. Bb2 Nge7 16. Ng3 Bg6 17. Be2 Nf5 18. Nxf5 Bxf5 19. Bxh5 g6 20. Be2 Be7
21. f4 Kb8 22. b5 Na5 23. Rc1 Qd7 24. Nc5 Bxc5 25. dxc5 Rh7 26. a4 Rdh8 27. h5 gxh5 28. Rxh5 Bg6 29. Rxh7 Rxh7 30. Kf2 Bf5=
1/2-1/2

[Event "North America Championship 2008"]
[Site "SchemingMind.com"]
[Date "2008.01.26"]
[Round "-"]
[White "tyler199"]
[Black "thefriediceman"]
[Result "0-1"]
[WhiteCountry "CAN"]
[BlackCountry "USA"]
[WhiteElo "1680"]
[WhiteRD "99"]
[BlackElo "1813"]
[BlackRD "86"]
[GameID "138876"]

1. d4 d5 2. c4 e6 3. Nc3 Be7 4. Nf3 Nf6 5. Bg5 h6 6. Bh4 O-O 7. e3 b6 8. Rc1 c6 9. Bd3 a5 10. Ne5 Nfd7
11. Bxe7 Qxe7 12. Nxd7 Nxd7 13. O-O Bb7 14. cxd5 exd5 15. a4 Ba6 16. Bxa6 Rxa6 17. Qd3 Raa8 18. Rc2 Rfc8 19. Rfc1 Nf6 20. Ne2 Qe8
21. Ng3 g6 22. Rc3 Ra7 23. Qc2 Rac7 24. f3 c5 25. Qb3 Qe6 26. dxc5 Rxc5 27. Rxc5 Rxc5 28. Rxc5 bxc5 29. Kf2 Qc6 30. Qc3 Qb6
31. Qe5 d4 32. Kf1 dxe3 33. Qxe3 Qxb2 34. Qxc5 Qa1+ 35. Kf2 Qxa4 36. Qe5 Qc2+ 37. Kf1= Qc1+ 38. Kf2 Qg5 39. Qxg5 hxg5 40. Ke3 a4
41. Kd3 Nd5 42. Ne4 Nf4+ 43. Kc3 Nxg2 44. Nxg5 Nh4 45. Kb4 f6 46. Ne4 Kg7 47. Nd2 f5 48. Kxa4 Kf6 49. Kb4 Ke5 50. h3 Kf4
51. Kc3 Nxf3 52. Nf1 Ng1 53. h4 Kg4 54. Kd3 Nf3 55. Ke3 Nxh4 56. Kf2 f4 57. Nh2+ Kh3
0-1

[Event "North America Championship 2008"]
[Site "SchemingMind.com"]
[Date "2008.02.02"]
[Round "-"]
[White "Glen"]
[Black "z"]
[Result "1-0"]
[WhiteCountry "USA"]
[BlackCountry "IRQ"]
[WhiteElo "2310"]
[WhiteRD "115"]
[BlackElo "1832"]
[BlackRD "55"]
[GameID "139790"]

1. e4 a6 2. d4 b5 3. Nf3 e6 4. Bd3 c5 5. c3 Bb7 6. O-O Nf6 7. Re1 Qb6 8. Nbd2 h6 9. a4 c4 10. Bf1 d5
11. exd5 Nxd5 12. Ne4 Nd7 13. b3 Rc8 14. axb5 axb5 15. bxc4 bxc4 16. Nfd2 Ba6 17. Nxc4 Bxc4 18. Bxc4 Rxc4 19. Ra8+ Nb8 20. Qe2 Rc8
21. c4 Nc7 22. Ra3 Be7 23. d5 Nd7 24. Rd1 exd5 25. cxd5 Nxd5 26. Ra6 O-O 27. Rxb6 N7xb6 28. Bb2 f5 29. Ng3 Rce8 30. Qe6+ Kh7
31. Rxd5 Bc5 32. Qc6 Re1+ 33. Nf1 Rc8 34. Qb7 Re7 35. Qa6 Rb8 36. Rxc5 Nd7 37. Rb5 Nc5 38. Qa5 Nb3 39. Rxb3 Rxb3 40. Qxf5+ Kg8
41. Qd5+
1-0

[Event "North America Championship 2008"]
[Site "SchemingMind.com"]
[Date "2008.02.02"]
[Round "-"]
[White "z"]
[Black "Glen"]
[Result "0-1"]
[WhiteCountry "IRQ"]
[BlackCountry "USA"]
[WhiteElo "1832"]
[WhiteRD "55"]
[BlackElo "2310"]
[BlackRD "115"]
[GameID "139799"]

1. b4 e5 2. Bb2 Bxb4 3. Bxe5 Nf6 4. a3 Be7 5. Nf3 c5 6. c4 Nc6 7. Bb2 O-O 8. e3 d5 9. cxd5 Nxd5 10. Be2 Qb6
11. Qc2 Bf5 12. d3 c4 13. Ne5 Nxe5 14. Bxe5 cxd3 15. Bxd3 Nxe3 16. fxe3 Qxe3+ 17. Qe2 Qc1+ 18. Kf2 Bc5+ 19. Kf3 Qg5 20. Bxf5 Qxf5+
21. Kg3 Rae8 22. Rf1 Qg5+ 23. Kh3 Rxe5 24. Qg4 Qh6+ 25. Qh4 Rh5
0-1

[Event "North America Championship 2008"]
[Site "SchemingMind.com"]
[Date "2008.02.04"]
[Round "-"]
[White "kilativ"]
[Black "Vaganian"]
[Result "0-1"]
[WhiteCountry "USA"]
[BlackCountry "INT"]
[WhiteElo "1323"]
[WhiteRD "124"]
[BlackElo "1805"]
[BlackRD "111"]
[GameID "140209"]

1. e4 c5 2. Nf3 Nc6 3. d4 cxd4 4. Nxd4 e6 5. Nc3 a6 6. Be2 Qc7 7. O-O Nf6 8. a4 Be7 9. Be3 O-O 10. Nf3 d6
0-1

[Event "North America Championship 2008"]
[Site "SchemingMind.com"]
[Date "2008.02.03"]
[Round "-"]
[White "29A"]
[Black "Michel Duchable"]
[Result "1-0"]
[WhiteCountry "CAN"]
[BlackCountry "USA"]
[WhiteElo "1832"]
[WhiteRD "78"]
[BlackElo "1386"]
[BlackRD "250"]
[GameID "140210"]

1. e4 e5 2. Nf3 Nf6 3. Nxe5 d6 4. Nf3 Nxe4 5. d4 d5 6. Bd3 Bd6 7. O-O O-O 8. c4 c6 9. Nc3 Nxc3 10. bxc3 dxc4
11. Bxc4 Bg4 12. Qd3 Nd7 13. Ng5 Nf6 14. h3 Bd7 15. Re1
1-0

[Event "North America Championship 2008"]
[Site "SchemingMind.com"]
[Date "2008.02.04"]
[Round "-"]
[White "Vaganian"]
[Black "kilativ"]
[Result "1-0"]
[WhiteCountry "INT"]
[BlackCountry "USA"]
[WhiteElo "1805"]
[WhiteRD "111"]
[BlackElo "1323"]
[BlackRD "124"]
[GameID "140216"]

1. Nf3 d5 2. g3 Nf6 3. Bg2 Nc6 4. d4 e5 5. Nxe5 Nxe5 6. dxe5 Nd7 7. Qxd5 c6 8. Qe4 Qa5+ 9. Nc3 Bb4 10. Bd2 O-O
11. a3
1-0

[Event "North America Championship 2008"]
[Site "SchemingMind.com"]
[Date "2008.02.03"]
[Round "-"]
[White "Michel Duchable"]
[Black "29A"]
[Result "0-1"]
[WhiteCountry "USA"]
[BlackCountry "CAN"]
[WhiteElo "1386"]
[WhiteRD "250"]
[BlackElo "1832"]
[BlackRD "78"]
[GameID "140217"]

1. e4 c5 2. Nf3 e6 3. Nc3 d5 4. Bb5+ Nc6 5. exd5 exd5 6. d4 a6 7. Bxc6+ bxc6 8. O-O cxd4 9. Re1+ Be7 10. Nxd4 Qc7
11. Qf3 Nf6
0-1

[Event "North America Championship 2008"]
[Site "SchemingMind.com"]
[Date "2008.02.06"]
[Round "-"]
[White "jamesm_beatty"]
[Black "GM EGFC"]
[Result "1-0"]
[WhiteCountry "USA"]
[BlackCountry "NCA"]
[WhiteElo "1580"]
[WhiteRD "75"]
[BlackElo "1380"]
[BlackRD "120"]
[GameID "140563"]

1. e4 e6 2. d4 d5 3. Nc3 Nf6 4. Bg5 Be7 5. exd5 exd5 6. Bd3 O-O 7. Nf3 Re8 8. O-O Bg4 9. h3 Bh5 10. Re1 c6
11. Qd2 Bxf3 12. gxf3
1-0

[Event "North America Championship 2008"]
[Site "SchemingMind.com"]
[Date "2008.02.08"]
[Round "-"]
[White "time_pressure"]
[Black "griffimv"]
[Result "1-0"]
[WhiteCountry "USA"]
[BlackCountry "INT"]
[WhiteElo "2290"]
[WhiteRD "81"]
[BlackElo "2281"]
[BlackRD "88"]
[GameID "140572"]

1. e4 c5 2. Nf3 d6 3. d4 cxd4 4. Nxd4 Nf6 5. Nc3 a6 6. Be2 e5 7. Nb3 Be7 8. Qd3 O-O 9. O-O Be6 10. Qg3 Nc6
11. Be3 Nb4 12. Bd1 d5 13. Nc5 d4 14. Bh6 Ne8 15. Nxe6 fxe6 16. Ne2 Nc6 17. Bd2 Nf6 18. Qf3 Qb6 19. Rb1 Rac8 20. c3 dxc3
21. Bxc3 Nd4 22. Bxd4 exd4 23. Bb3 Kh8 24. e5 Nd7 25. Qg3 Nc5 26. Bc2 d3 27. Bxd3 Nxd3 28. Qxd3 Rcd8 29. Qg3 Rd7 30. Nf4 Rd4
31. Nd3 Rfd8 32. Qe3 Qa5 33. Nf4 Qxa2 34. Qf3 Bg5 35. Ra1 Qc4 36. Nh3 Bd2 37. Qxb7 a5 38. Kh1 R4d7 39. Qb6 Qd5 40. f4 Rb7
41. Qf2 h6 42. Rab1 a4 43. Ng1 Rb3 44. Qe2 Kh7 45. h3 Rdb8 46. f5 exf5 47. Rfd1 Rd3 48. Nf3 Rd8 49. Ra1 Bf4 50. Rxd3 Qxd3
51. Qxd3 Rxd3 52. Kg1 Rb3 53. Rxa4 Be3+ 54. Kf1 Rxb2 55. Ra8 Rf2+ 56. Ke1 Rxg2 57. Rf8 Bg5 58. h4 Be7 59. Rxf5 Kg6 60. Rf4 Rb2
61. Kf1=
1-0

[Event "North America Championship 2008"]
[Site "SchemingMind.com"]
[Date "2008.02.07"]
[Round "-"]
[White "GM EGFC"]
[Black "jamesm_beatty"]
[Result "0-1"]
[WhiteCountry "NCA"]
[BlackCountry "USA"]
[WhiteElo "1380"]
[WhiteRD "120"]
[BlackElo "1580"]
[BlackRD "75"]
[GameID "140573"]

1. Nf3 Nf6 2. d4 d5 3. c4 dxc4 4. e3 e6 5. Bxc4 c5 6. O-O Nc6 7. dxc5 Qxd1 8. Rxd1 Bxc5 9. a3 O-O 10. Nc3 a6
11. b4 Bb6
0-1

[Event "North America Championship 2008"]
[Site "SchemingMind.com"]
[Date "2008.02.07"]
[Round "-"]
[White "pjl1015"]
[Black "smothered mate"]
[Result "1-0"]
[WhiteCountry "USA"]
[BlackCountry "POL"]
[WhiteElo "2353"]
[WhiteRD "110"]
[BlackElo "1947"]
[BlackRD "57"]
[GameID "140686"]

1. d4 Nf6 2. Bf4 d6 3. Nc3 Nfd7 4. Nf3 g6 5. e4 Bg7 6. Qd2 Nc6 7. Bh6 O-O 8. h4 e5 9. h5 exd4 10. Bxg7 dxc3
11. Qh6 cxb2 12. hxg6 bxa1=Q+ 13. Bxa1
1-0

[Event "North America Championship 2008"]
[Site "SchemingMind.com"]
[Date "2008.02.06"]
[Round "-"]
[White "the_pawn"]
[Black "NimbleKnight"]
[Result "1-0"]
[WhiteCountry "USA"]
[BlackCountry "USA"]
[WhiteElo "2120"]
[WhiteRD "104"]
[BlackElo "1879"]
[BlackRD "108"]
[GameID "140687"]

1. e4 e6 2. d4 d5 3. Nc3 Bb4 4. e5 c5 5. a3 Bxc3+ 6. bxc3 Ne7 7. Nf3 Nbc6 8. Be2 Qa5 9. Bd2 O-O 10. O-O c4
11. Re1 f5 12. exf6 Rxf6 13. Bg5 Rf7 14. Qd2 Bd7 15. Bf4 Ng6 16. Bg3 Qd8 17. a4 b6 18. Ng5 Rf6 19. Bg4 Qe7 20. h4 h6
21. Nf3 Rff8 22. h5 Nh8 23. Nh4 Rae8 24. Re3 Qf7 25. Bd6 Qf6 26. g3 Rf7 27. Rae1 Kh7 28. f4 Qd8 29. Qe2 Rg8 30. Bxe6 Bxe6
31. Rxe6 Qd7 32. g4 Nd8 33. g5 g6 34. hxg6+ Rxg6 35. Nxg6 Nxe6 36. Qh5 Nxg6 37. f5 Qxd6 38. fxg6+ Kg7 39. Qxh6+ Kg8 40. gxf7+ Kxf7
41. Qf6+ Kg8 42. Rxe6 Qg3+ 43. Kf1 Qh3+ 44. Ke1 Qxc3+ 45. Kd1 Qa1+ 46. Kd2 Qxa4 47. Qd8+ Kg7 48. Qe7+ Kh8 49. Qf8+ Kh7 50. g6#
1-0

[Event "North America Championship 2008"]
[Site "SchemingMind.com"]
[Date "2008.02.06"]
[Round "-"]
[White "smothered mate"]
[Black "pjl1015"]
[Result "0-1"]
[WhiteCountry "POL"]
[BlackCountry "USA"]
[WhiteElo "1964"]
[WhiteRD "53"]
[BlackElo "2359"]
[BlackRD "113"]
[GameID "140691"]

1. e4 c5 2. c3 d5 3. exd5 Qxd5 4. d4 Nc6 5. Be3 cxd4 6. cxd4 e5 7. Nc3 Bb4 8. dxe5 Qxe5 9. Rc1 Nf6 10. Nf3 Qa5
11. Bc4 Bxc3+ 12. bxc3 O-O 13. O-O Bg4 14. h3 Rad8 15. Qe2 Bh5 16. g4 Nxg4 17. hxg4 Bxg4 18. Kg2 Ne5
0-1

[Event "North America Championship 2008"]
[Site "SchemingMind.com"]
[Date "2008.02.06"]
[Round "-"]
[White "NimbleKnight"]
[Black "the_pawn"]
[Result "0-1"]
[WhiteCountry "USA"]
[BlackCountry "USA"]
[WhiteElo "1879"]
[WhiteRD "108"]
[BlackElo "2120"]
[BlackRD "104"]
[GameID "140692"]

1. e4 c5 2. Nc3 e6 3. g3 Nc6 4. Bg2 Nf6 5. Nge2 Be7 6. O-O O-O 7. d4 cxd4 8. Nxd4 d6 9. Nxc6 bxc6 10. e5 dxe5
11. Bxc6 Ba6 12. Qxd8 Raxd8 13. Bb5 Bxb5 14. Nxb5 Rc8 15. Nc3 Nd5 16. Bd2 Rfd8 17. Rfd1 f6 18. Rac1 Rc6 19. Be1 f5 20. Kf1 Bf6
21. Ne2 Bg5 22. Rb1 Rxc2 23. h4 Bf6 24. Rdc1 Rdc8 25. a3 Rxc1 26. Rxc1 Rxc1 27. Nxc1 e4 28. b4 Bb2 29. Nb3 Bxa3 30. b5 Nc7
31. Nd4 Bc5 32. Ba5 Bxd4 33. Bxc7 h5 34. Ke2 Kf7 35. Bd6 Kf6 36. Bf4 e5 37. Bg5+ Ke6 38. Bd2 Kd5 39. Bb4 Kc4 40. Bf8 g6
41. Bd6 Kxb5 42. Bc7 a5 43. Bxa5 Kxa5
0-1

[Event "North America Championship 2008"]
[Site "SchemingMind.com"]
[Date "2008.02.08"]
[Round "-"]
[White "sentinel"]
[Black "jessespindler"]
[Result "0-1"]
[WhiteCountry "AUS"]
[BlackCountry "USA"]
[WhiteElo "1208"]
[WhiteRD "103"]
[BlackElo "1785"]
[BlackRD "174"]
[GameID "140858"]

1. d4 Nf6 2. e3 e6 3. Nf3 c5 4. Bc4 d5 5. Bb5+ Bd7 6. a4 Be7 7. Ne5 O-O 8. O-O Nc6 9. Qf3 cxd4 10. exd4 Nxd4
11. Qd3 Nxb5 12. axb5 Qc7 13. Bf4 Bd6 14. Qd4 Bxb5 15. Nd2 Bxf1 16. Rxf1 Nh5 17. g3 Nxf4 18. gxf4 Bxe5 19. fxe5 Qxc2 20. Nf3 b6
21. Qf4 Qxb2 22. Ng5 Qc2 23. Rc1 Qf5 24. Qh4 h6 25. Nh3 Rac8 26. Re1 Rc4 27. Qg3 Rg4
0-1

[Event "North America Championship 2008"]
[Site "SchemingMind.com"]
[Date "2008.02.12"]
[Round "-"]
[White "jessespindler"]
[Black "sentinel"]
[Result "1-0"]
[WhiteCountry "USA"]
[BlackCountry "AUS"]
[WhiteElo "1785"]
[WhiteRD "174"]
[BlackElo "1208"]
[BlackRD "103"]
[GameID "140863"]

1. e4 e5 2. Nf3 f6 3. Nxe5 fxe5 4. Qh5+ g6 5. Qxe5+ Ne7 6. Qxh8 c5 7. d3 Qa5+ 8. Nc3 Nbc6 9. Bh6 Kf7 10. Qxf8+ Ke6
11. g3 Nb4 12. Bh3+ Kd6 13. Qf6+ Kc7 14. Bf4+ d6 15. Qxd6#
1-0

[Event "North America Championship 2008"]
[Site "SchemingMind.com"]
[Date "2008.04.27"]
[Round "-"]
[White "Glen"]
[Black "HanadaNo3"]
[Result "1/2-1/2"]
[WhiteCountry "USA"]
[BlackCountry "USA"]
[WhiteElo "2398"]
[WhiteRD "107"]
[BlackElo "2388"]
[BlackRD "76"]
[GameID "152248"]

1. c4 e5 2. Nc3 Nf6 3. g3 Bb4 4. Bg2 O-O 5. Nf3 Re8 6. O-O e4 7. Nd4 Nc6 8. Nc2 Bc5 9. Nd5 a5 10. d4 exd3
11. exd3 Nxd5 12. Bxd5 d6 13. d4 Ba7 14. Qf3 Qf6 15. Qxf6 gxf6 16. Be3 Kg7 17. Rad1 Bg4 18. Rd2 a4 19. Rc1 Ne7 20. Bg2 Bb6
21. b4 axb3 22. axb3 c6 23. d5 c5 24. b4 Ra2 25. h3 Bd7 26. bxc5 Bxc5 27. Bxc5 dxc5 28. Rcd1 Nf5 29. Bf1 Ra5 30. Kg2 h5
31. Bd3 Nd6 32. Ne3 b5 33. cxb5 Bxb5 34. Rc2 Bxd3 35. Rxd3 Rd8 36. Rb3 Kg6 37. Rb6 c4 38. Rc6 Rb5= 39. h4 Rb4 40. Rd2 f5
41. Kh3 f4 42. gxf4 c3 43. Rxc3 Rxf4 44. Kg3 Rf6 45. f3 Kh7 46. Ng2 Rb8 47. Rcd3 Rb4 48. Ne3=
1/2-1/2

[Event "North America Championship 2008"]
[Site "SchemingMind.com"]
[Date "2008.04.27"]
[Round "-"]
[White "HanadaNo3"]
[Black "Glen"]
[Result "1/2-1/2"]
[WhiteCountry "USA"]
[BlackCountry "USA"]
[WhiteElo "2388"]
[WhiteRD "76"]
[BlackElo "2398"]
[BlackRD "107"]
[GameID "152253"]

1. e4 g6 2. d4 Bg7 3. Nc3 d6 4. Nf3 Nf6 5. Be2 O-O 6. O-O Nbd7 7. e5 Ne8 8. Bg5 c6 9. Qd2 dxe5 10. dxe5 Nc7
11. Rad1 Ne6 12. Qe3 Nxg5 13. Nxg5 e6 14. Nce4 h6 15. Nf3 Qb6 16. Qc3 a5 17. Nd6 Rd8 18. Rd2 Qb4 19. Qe3 Nxe5 20. c3 Nxf3+
21. Bxf3 Qh4 22. Rfd1 Rf8 23. g3 Qg5 24. Qb6 Ra6 25. Qc7 Be5 26. a4 Ra8 27. Qb6 Ra6 28. Qb3 Bxd6 29. Rxd6 Qc5 30. Qc2 Kg7
31. Qe2 h5 32. Rd8 Rxd8 33. Rxd8 Ra8 34. Qd2=
1/2-1/2

[Event "North America Championship 2008"]
[Site "SchemingMind.com"]
[Date "2008.05.07"]
[Round "-"]
[White "BogusAurelius"]
[Black "29A"]
[Result "1-0"]
[WhiteCountry "USA"]
[BlackCountry "CAN"]
[WhiteElo "2217"]
[WhiteRD "70"]
[BlackElo "1840"]
[BlackRD "73"]
[GameID "153152"]

1. e4 c5 2. Nf3 d6 3. d4 cxd4 4. Nxd4 Nf6 5. Nc3 e6 6. g4 h6 7. Rg1 Nc6 8. Be3 Be7 9. h4 h5 10. gxh5 Nxh5
11. Be2 Nf6 12. h5 e5 13. Nb3 Nb4 14. a3 d5 15. axb4 d4 16. Nxd4 exd4 17. Bxd4 Bxb4 18. Qd3 a6 19. Rxg7 Nxh5 20. Bxh5 Rxh5
21. Qf3 Be6 22. Rg8+
1-0